000 00366cam a2200145ua 4500
041 _aeng
_h
082 _a822
_bDAN/CO
100 _aDane, Clemence .
245 _aCollected plays of Clemence dane vol-l /
_cClemence Dane.
_hTextual Documents
260 _aLondon :
_bHeinemann ,
_c1961.
300 _a408 ; .
504 _a
942 _cBK
999 _c11701
_d11701